Ako ďalej v dovoze ropy
Skutočnosti ovplyvňujúce podpísanie medzinárodného protokolu o dodávkach ropy do roku 2000 medzi SR a Ruskou federáciou, dôsledky pre Slovensko. Dôvody prerušenia zásobovania českých, slovenských, poľských a maďarských rafinérií. Potreba rýchlej výstavby prevádzkových a strategických zásobníkov ropy...
Uložené v:
| Hlavný autor: | |
|---|---|
| Médium: | Kapitola |
| Jazyk: | Slovak |
| Predmet: | |
| Tagy: |
Žiadne tagy, Buďte prvý, kto otaguje tento záznam!
|
MARC
| LEADER | 00000naa a2200000 4500 | ||
|---|---|---|---|
| 001 | r024587 | ||
| 005 | 20221205090318.6 | ||
| 041 | 0 | |a slo | |
| 044 | |a SK | ||
| 245 | 1 | 0 | |a Ako ďalej v dovoze ropy |c J. Žák |
| 520 | |a Skutočnosti ovplyvňujúce podpísanie medzinárodného protokolu o dodávkach ropy do roku 2000 medzi SR a Ruskou federáciou, dôsledky pre Slovensko. Dôvody prerušenia zásobovania českých, slovenských, poľských a maďarských rafinérií. Potreba rýchlej výstavby prevádzkových a strategických zásobníkov ropy. Následky uzavretia ropovodu Adria (vojnový stav v bývalej Juhoslávii). Odhad vývoja ťažby ropy a zemného plynu v Ruskej federácii. Význam odbytu ruskej ropy v zahraničí. Priority určujúce ďalší dovoz ropy do SR. | ||
| 610 | 2 | 0 | |a Slovensko |
| 610 | 2 | 0 | |a Rusko |
| 610 | 2 | 0 | |a ropa |
| 610 | 2 | 0 | |a ropovody |
| 610 | 2 | 0 | |a Adria |
| 610 | 2 | 0 | |a liberalizácia |
| 100 | 1 | |a Žák, J. | |